[Event "Odysseus Autumn B"]
[Site "Soborg"]
[Date "2001.09.??"]
[Round "2"]
[White "Nielsen, Jan Langkilde"]
[Black "Neesgaard Madsen, Helge"]
[Result "1-0"]
[WhiteElo "1856"]
[BlackElo "1815"]
[PlyCount "47"]
[EventDate "2001.09.06"]
[EventType "tourn"]
[EventRounds "5"]
[EventCountry "DEN"]
[SourceTitle "EXT 2023"]
[Source "ChessBase"]
[SourceDate "2022.10.05"]
[SourceVersion "1"]
[SourceVersionDate "2022.10.05"]
[SourceQuality "1"]

1. e4 e5 2. Nf3 Nf6 3. Nxe5 Nc6 4. Nxc6 dxc6 5. e5 Ne4 6. d4 Bf5 7. Bc4 c5 8. d5 Nxf2 9. Qf3 Nxh1 10. g3 Qd7 11. Qxh1 0-0-0 12. Na3 f6 13. Be3 fxe5 14. 0-0-0 a6 15. Qe1 Bg4 16. Rd3 e4 17. Rb3 c6 18. Qa5 Qc7 19. Rb6 Rxd5 20. Bxd5 cxd5 21. Bf4 Qd8 22. Nb5 Be7 23. Na7+ Kd7 24. Qa4# 1-0

[Event "Odysseus Autumn B"]
[Site "Soborg"]
[Date "2001.09.??"]
[Round "5"]
[White "Tjornsted, Peter"]
[Black "Nielsen, Jan Langkilde"]
[Result "1-0"]
[WhiteElo "1890"]
[BlackElo "1856"]
[PlyCount "77"]
[EventDate "2001.09.06"]
[EventType "tourn"]
[EventRounds "5"]
[EventCountry "DEN"]
[SourceTitle "EXT 2023"]
[Source "ChessBase"]
[SourceDate "2022.10.05"]
[SourceVersion "1"]
[SourceVersionDate "2022.10.05"]
[SourceQuality "1"]

1. d4 d5 2. Nf3 Nf6 3. Bf4 Bf5 4. c4 e6 5. Qb3 b6 6. e3 Bd6 7. Ne5 0-0 8. Nc3 dxc4 9. Bxc4 Nbd7 10. Nc6 Qe8 11. Bxd6 cxd6 12. Qa3 Nb8 13. Nb4 d5 14. Bb5 Qe7 15. 0-0 a5 16. Nc2 Qxa3 17. Nxa3 Nbd7 18. Rac1 Rac8 19. Be2 Rc6 20. Nab5 Rb8 21. Na7 Rc7 22. Ncb5 Rxc1 23. Rxc1 h6 24. Nc6 Re8 25. Nd6 Rf8 26. Ne7+ Kh7 27. Nexf5 exf5 28. Nxf5 Re8 29. Rc7 g6 30. Nd6 Re7 31. Bb5 Kg7 32. h3 Re6 33. Nc8 Re8 34. Kf1 Rd8 35. Ke2 Nf8 36. Rc6 Ne6 37. Nxb6 Rb8 38. a4 Nd8 39. Rxf6 1-0

[Event "Odysseus Spring A"]
[Site "Soborg"]
[Date "2001.05.??"]
[Round "5"]
[White "Nielsen, Jan Langkilde"]
[Black "Brandstrup, Bo"]
[Result "0-1"]
[WhiteElo "1871"]
[BlackElo "1908"]
[PlyCount "124"]
[EventDate "2001.05.10"]
[EventType "tourn"]
[EventRounds "5"]
[EventCountry "DEN"]
[SourceTitle "EXT 2023"]
[Source "ChessBase"]
[SourceDate "2022.10.05"]
[SourceVersion "1"]
[SourceVersionDate "2022.10.05"]
[SourceQuality "1"]

1. e4 d5 2. exd5 Qxd5 3. Nc3 Qa5 4. Bc4 Nf6 5. Nf3 c6 6. 0-0 Bf5 7. d3 e6 8. Bf4 Nbd7 9. Re1 Bb4 10. Be5 Bg4 11. a3 Bxc3 12. Bxc3 Qh5 13. Re3 Nb6 14. Bb3 Nbd5 15. Re5 Nxc3 16. Qe1 Qg6 17. Nh4 Qh6 18. f3 Ncd5 19. fxg4 Nxg4 20. Re4 Qh5 21. Qg3 Ndf6 22. Re2 0-0 23. h3 Qc5+ 24. Kh1 Nh6 25. Re5 Qd6 26. Qg5 Nd5 27. Bxd5 cxd5 28. Re3 f6 29. Qh5 Rae8 30. Rae1 e5 31. Rg3 f5 32. Rg5 Qf6 33. Rf1 f4 34. Ng6 Nf7 35. Nxf8 Qxg5 36. Qxg5 Nxg5 37. Nd7 b6 38. Re1 e4 39. dxe4 dxe4 40. c4 e3 41. c5 b5 42. c6 Ne4 43. Kg1 Kf7 44. Rc1 Ke6 45. Kf1 Kd6 46. Ke2 g5 47. b4 h6 48. Kf3 Nd2+ 49. Ke2 Nc4 50. Nf6 Re6 51. Ng4 Kxc6 52. a4 a6 53. Nh2 Kd5 54. axb5 axb5 55. Ra1 Ke4 56. Ra8 h5 57. Nf3 Rg6 58. Rd8 Nd6 59. Rd7 g4 60. Re7+ Kd5 61. Ne5 Rf6 62. Ng6 Rxg6 0-1